Idea podmiotowości – teoria i praktyka edukacyjna / (Rekord nr 9178)
| 000 -ETYKIETA REKORDU | |
|---|---|
| podpole kontrolne o stałej długości | 00785naa a2200181 i 4500 |
| 001 - NUMER KONTROLNY REKORDU | |
| podpole kontrolne | 9178 |
| 003 - IDENTYFIKATOR NUMERU KONTROLNEGO REKORDU | |
| podpole kontrolne | KOSZ 005 |
| 005 - DATA OSTATNIEJ MODYFIKACJI REKORDU | |
| podpole kontrolne | 20180426142034.0 |
| 008 - POLE O STAŁEJ DŁUGOŚCI - DANE KONTROLNE | |
| podpole kontrolne o stałej długości | 151123s2012 pl n f |000 0pol |
| 040 ## - ŹRÓDŁO KATALOGOWANIA | |
| Instytucja, która utworzyła rekord | BPK |
| Instytucja, która dokonała modyfikacji | KOSZ 005/EG |
| 080 ## - UNIWERSALNA KLASYFIKACJA DZIESIĘTNA - UKD | |
| UKD | 37 |
| 100 1# - NAZWA OSOBOWA | |
| Nazwa osobowa | SKRZYPNIAK, Ryszard. |
| Lata pracy | 1996 - . |
| Instytucja | Politechnika Koszalińska - Instytut Neofilologii i Europeistyki |
| 245 10 - TYTUŁ/ODPOWIEDZIALNOŚĆ | |
| Tytuł | Idea podmiotowości – teoria i praktyka edukacyjna / |
| Pozostałe elementy strefy tytułu i oznaczenia odpowiedzialności | Ryszard Skrzypniak. |
| 650 #0 - HASŁO PRZEDMIOTOWE W FORMIE NAZWY OGÓLNEJ LUB JEDNOSTKOWEJ | |
| Nazwa ogólna lub geograficzna | Kształcenie. |
| 650 #0 - HASŁO PRZEDMIOTOWE W FORMIE NAZWY OGÓLNEJ LUB JEDNOSTKOWEJ | |
| Nazwa ogólna lub geograficzna | Podmiotowość. |
| 773 0# - TYTUŁ DOKUMENTU MACIERZYSTEGO | |
| Wyrażenie wprowadzające | W : |
| Tytuł | Podmiotowość w edukacji wobec odmienności kulturowych oraz społecznych zróżnicowań. 2 / red. nauk. Natalia Majchrzak, Natasza Starik, Andrzej Zduniak. - |
| Adres wydawniczy | Poznań : Wydaw. Wyższej Szkoły Bezpieczeństwa, 2012. - |
| Informacje dotyczące relacji | s. 27-47 |
| 942 ## - HASŁO DODATKOWE - ELEMENTY(KOHA) | |
| Typ dokumentu | Rozdział |
| Schemat klasyfikacji | Uniwersalna klasyfikacja dziesiętna |
Brak dostępnych egzemplarzy.
